000 00451nam a2200181Ia 4500
003 GCL
008 140319s9999 xx 000 0 eng d
040 _aGCL /
_cGCL
082 0 4 _a944
_bB P
100 1 _aBARADEAU, PATRICK
245 1 0 _aPANORAMA DE L'HISTOIRE DE FRANCE /
_cBARADEAU, PATRICK
260 _a[S.N] :
_bMARABOUT ،
_c1994
300 _a160
650 0 4 _aFRANCE - HISTORY
650 0 4 _aHISTORY
650 0 4 _aFRANCE
942 _2ddc
_cBK
999 _c10512
_d10512